Music Quiz

Random Music or Country Quiz
Score 0/33 Timer 10:00
0 Plays Today
Year & Artist # 1 Country Hit % Correct
1950's
100%
1960's
100%
1970's
100%
1975 Glen CampbellRhinestone Cowboy
49.6%
1976 C.W McCallConvoy
49.6%
1959 Johnny HortonBattle Of New Orleans
40.3%
1961 Patsy ClineI Fall To Pieces
33.8%
1970 Conway TwittyHello Darlin
31.7%
1968 Johnny CashFolsom Prison Blues
29.5%
1950 Hank SnowI'm Movin' On
28.8%
1962 Claude KingWolverton Mountain
28.1%
1963 Bill AndersonStill
25.2%
1951 Hank WilliamsCold Cold Heart
20.1%
1971 Freddie HartEasy Loving
20.1%
1966 David HoustonAlmost Persuaded
18%
1956 Ray PriceCrazy Arms
17.3%
1977 Waylon JenningsLuckenbach Texas ( Back To The Basics Of Love )
17.3%
Year & Artist # 1 Country Hit % Correct
1978 Waylon & Willie 2 songsMama's Don't Let Your Babies Grow Up To Be Cowboys/ I Can Get Off On You
17.3%
1952 Hank ThompsonThe Wild Side Of Life
16.5%
1953 Hank WilliamsKaw Liga
15.1%
1960 Hank LocklinPlease Help Me I'm Falling
13.7%
1958 Don Gibson 2 songsOh Lonsome Me / I Can't Stop Loving You
12.9%
1955 Webb PierceIn The Jailhouse Now
10.8%
1957 Ferlin HuskyGone
10.8%
1973 Conway TwittyYou've Never Been This Far Before
10.8%
1954 Hank SnowI Don't Hurt Anymore
7.9%
1964 Buck OwensMy Heart Skips A Beat
7.9%
1965 Eddy ArnoldWhat's He Doing In My World
4.3%
1967 Jack GreeneAll The Time
4.3%
1979 Anne MurrayI Just Fall In Love Again
4.3%
1972 Freddie HartMy Hang Up Is You
2.9%
1974 Charlie RichThere Won't Be Anymore
2.9%
1969 Bill AndersonMy Life ( Throw It Away If I Want To )
2.2%
Remove Ads.
Support Sporcle.
Get the best of Sporcle when you Go Orange. This ad-free experience offers more features, more stats, and more fun while also helping to support Sporcle. Thank you for becoming a member.

You're not logged in!

Compare scores with friends on all Sporcle quizzes.
OR
Log In

Show Comments

Extras

Top Quizzes Today


Score Distribution

Your Account Isn't Verified!

In order to create a playlist on Sporcle, you need to verify the email address you used during registration. Go to your Sporcle Settings to finish the process.

Report this User

Report this user for behavior that violates our Community Guidelines.

Details: